| 000 | 00422nam a22001577a 4500 | ||
|---|---|---|---|
| 005 | 20250218142225.0 | ||
| 008 | 250218b |||||||| |||| 00| 0 eng d | ||
| 020 | _a9780853647836 | ||
| 050 |
_aBS 2545 KEI _b1 |
||
| 100 | _aKEITH, Graham | ||
| 245 |
_aHated without a cause : _bA survey of anti-semitism |
||
| 260 |
_aLondon _bpaternoster press _c1997c |
||
| 300 | _ax,301p | ||
| 500 | _aBiblical ref. | ||
| 942 |
_2lcc _cBK _n0 |
||
| 999 |
_c3948 _d3948 |
||